The Grumpy bunny goes to school / (Record no. 102431)
[ view plain ]
| 000 -LEADER | |
|---|---|
| fixed length control field | 00743nam a2200181 a 4500 |
| 005 - DATE AND TIME OF LATEST TRANSACTION | |
| control field | 20140412111236.0 |
| 008 - FIXED-LENGTH DATA ELEMENTS--GENERAL INFORMATION | |
| fixed length control field | 020311s19uu xx 00 eng d |
| 020 ## - INTERNATIONAL STANDARD BOOK NUMBER | |
| International Standard Book Number | 0-8167-4121-2 |
| 050 ## - LIBRARY OF CONGRESS CALL NUMBER | |
| Classification number | ER |
| Item number | Gr75go 1996 |
| 100 ## - MAIN ENTRY--PERSONAL NAME | |
| Personal name | korman, Justine |
| 245 ## - TITLE STATEMENT | |
| Title | The Grumpy bunny goes to school / |
| Statement of responsibility, etc | by Justine Korman; illustrated by Lucinda McQueen. |
| 260 ## - PUBLICATION, DISTRIBUTION, ETC. (IMPRINT) | |
| Place of publication, distribution, etc | U. S. A : |
| Name of publisher, distributor, etc | WhistleStop, |
| Date of publication, distribution, etc | 1996. |
| 300 ## - PHYSICAL DESCRIPTION | |
| Extent | 1 v. (unp.) ; ill. |
| 520 ## - SUMMARY, ETC. | |
| Summary, etc | Ho-hum, humdrum . . . Hopper the grumpy bunny thinks school is a bore. But when Hopper gets a chance to teach kinderbunny class by himself, he comes up with some great ideas that make school a whole lot more fun everyone! |
| 650 ## - SUBJECT ADDED ENTRY--TOPICAL TERM | |
| Topical term or geographic name as entry element | School |
| General subdivision | Fiction |
| 650 ## - SUBJECT ADDED ENTRY--TOPICAL TERM | |
| Topical term or geographic name as entry element | Children stories |
| Withdrawn status | Lost status | Damaged status | Use restrictions | Home library | Current library | Shelving location | Date acquired | Source of acquisition | Total Checkouts | Full call number | Barcode | Date last seen | Price effective from | Koha item type |
|---|---|---|---|---|---|---|---|---|---|---|---|---|---|---|
| Elizalde Library | Elizalde Library | Easy Reading Section | 03/11/2002 | ER Gr75go 1996 | E1715 | 04/12/2014 | 04/12/2014 | Books |